Breath of God II : (Record no. 1621)

MARC details
000 -LEADER
fixed length control field 02291cim a2200433 a 4500
001 - CONTROL NUMBER
control field data
005 - DATE AND TIME OF LATEST TRANSACTION
control field 20260322212109.0
007 - PHYSICAL DESCRIPTION FIXED FIELD--GENERAL INFORMATION
fixed length control field data
008 - FIXED-LENGTH DATA ELEMENTS--GENERAL INFORMATION
fixed length control field data
035 ## - SYSTEM CONTROL NUMBER
System control number 20459804
010 ## - LIBRARY OF CONGRESS CONTROL NUMBER
LC control number 2018619590
020 ## - INTERNATIONAL STANDARD BOOK NUMBER
International Standard Book Number 1558975535
020 ## - INTERNATIONAL STANDARD BOOK NUMBER
International Standard Book Number 9781558975538
024 1# - OTHER STANDARD IDENTIFIER
Standard number or code 083061546021
028 02 - PUBLISHER OR DISTRIBUTOR NUMBER
Publisher or distributor number CD-5460J
Source Brentwood Music
040 ## - CATALOGING SOURCE
Original cataloging agency DLC
Transcribing agency DLC
050 00 - LIBRARY OF CONGRESS CALL NUMBER
Classification number SDC 96320
245 00 - TITLE STATEMENT
Title Breath of God II :
Remainder of title 800 loving instructions from the Father.
246 30 - VARYING FORM OF TITLE
Title proper/short title 800 loving instructions from the Father
246 3# - VARYING FORM OF TITLE
Title proper/short title Breath of God two
246 3# - VARYING FORM OF TITLE
Title proper/short title Breath of God 2
246 3# - VARYING FORM OF TITLE
Title proper/short title Eight hundred loving instructions from the Father
260 ## - PUBLICATION, DISTRIBUTION, ETC.
Place of publication, distribution, etc. Brentwood, TN :
Name of publisher, distributor, etc. Brentwood Music,
Date of publication, distribution, etc. p1994.
300 ## - PHYSICAL DESCRIPTION
Extent 1 audio disc :
Other physical details digital ;
Dimensions 4 3/4 in.
336 ## - CONTENT TYPE
Content type term spoken word
Content type code spw
Source rdacontent
337 ## - MEDIA TYPE
Media type term audio
Media type code s
Source rdamedia
338 ## - CARRIER TYPE
Carrier type term audio disc
Carrier type code sd
Source rdacarrier
500 ## - GENERAL NOTE
General note Compact disc.
500 ## - GENERAL NOTE
General note Scriptural references noted on container insert.
505 0# - FORMATTED CONTENTS NOTE
Formatted contents note I will instruct you... -- All things that I... -- Do you want a long, good life... -- From a wise mind... -- A soft answer... -- Honor your father & mother... -- If we walk in the light... -- A good name... -- If any of you lacks wisdom... -- We know that the Son... -- If we suffer... -- You provide delicious food... -- The Lord opens the eyes... -- For this is my blood... -- Knowing that you were not... -- I pray God... -- Being now justified... -- He forgives all my sins... -- All of us like sheep... -- To love him with all the heart... -- But we all... -- I will ask the Father... -- Nevertheless, I tell you... -- The Lord is their strength... -- For I am the Lord... -- Blessed are they... -- Your sins are forgiven... -- And through him everyone... -- For this God is our God... -- The word of God is quick... -- All who fear God... -- Jesus answered and said... -- If you consent and obey....
511 0# - PARTICIPANT OR PERFORMER NOTE
Participant or performer note Read by Chuck Millhuff ; with musical background.
630 00 - SUBJECT ADDED ENTRY--UNIFORM TITLE
Uniform title Bible.
630 07 - SUBJECT ADDED ENTRY--UNIFORM TITLE
Uniform title Bible.
Source of heading or term fast
Authority record control number or standard number (OCoLC)fst01356024
700 1# - ADDED ENTRY--PERSONAL NAME
Personal name Millhuff, Chuck.
Relationship nrt
906 ## - LOCAL DATA ELEMENT F, LDF (RLIN)
a 7
b cbc
c origres
d 2
e ncip
f 20
g y-soundrec
925 0# -
-- acquire
-- 2 shelf copies
-- policy default
Holdings
Withdrawn status Lost status Damaged status Not for loan Home library Current library Shelving location Date acquired Total checkouts Full call number Barcode Date last seen Price effective from Koha item type
        Institut Protestant de Théologie Institut Protestant de Théologie General stacks 22/03/2026   SDC 96320 LOC-IPT-00012 22/03/2026 22/03/2026 Books